[Event "Anapa Sea Harbor Cup Blitz"]
[Site "Anapa"]
[Date "2021.06.13"]
[Round "1"]
[White "Ivashkin, Aleksandr"]
[Black "Afanasiev, Nikita"]
[Result "0-1"]
[WhiteElo "1237"]
[BlackElo "2542"]
[PlyCount "70"]
[EventDate "2021.06.13"]
[EventType "swiss (blitz)"]
[EventRounds "13"]
[EventCountry "RUS"]
[SourceTitle "CBM 202 Extra"]
[Source "ChessBase"]
[SourceDate "2021.07.31"]
[SourceVersion "1"]
[SourceVersionDate "2021.07.31"]
[SourceQuality "1"]

1. e4 g6 2. d4 Bg7 3. c3 e6 4. Nf3 Ne7 5. e5 d6 6. exd6 cxd6 7. Bc4 b6 8. Bf4 Bb7 9. Nbd2 0-0 10. 0-0 Na6 11. Qa4 Nc7 12. Qa3 Nc8 13. Rfe1 b5 14. Bb3 a5 15. Bc2 Nd5 16. Bg3 b4 17. cxb4 Nxb4 18. Qb3 Nb6 19. a3 Bd5 20. axb4 Bxb3 21. Nxb3 axb4 22. Na5 Qd7 23. Bb3 Rfc8 24. h3 Bf8 25. Kh2 Nd5 26. Nc4 h6 27. Ne3 Nf6 28. Nc4 Rxa1 29. Rxa1 Qc6 30. Rc1 Ne4 31. Re1 Nxg3 32. fxg3 Qa6 33. Kg1 Rxc4 34. Bxc4 Qxc4 35. Ra1 Bg7 0-1